00610 2200217 4500001002100000005001500021035002000036008004100056245008800097100002400185250001000209260004000219300003500259084001700294082001100311650001500322020001800337700001500355990001100370990001100381INLIS00000000001179720220616020705 a0010-0622000307220616 a 0 ind 1 aAku Anak Saleh :bBelajar Doa Sehari-hari /cDewanti Nurcahyani; editor, Arliansyah aDEWANTI, Nurcahyani acet.1 aJakarta :bCerdas Interaktif,c2019 a9 hal. :bilus. ;c14 x 20 cm. a297.54 DEW a a297.54 4aISLAM. DOA a97897978868370 aARLIANSYAH a7684 a a7684 b